000 00378nam a2200157Ia 4500
008 230917s9999||||xx |||||||||||||| ||und||
020 _cPOU20
040 _e5960
_aMAIN
041 _aEnglish
082 _a327 M692S
100 _aMichell, C R
245 0 _aStructure of international conflicts
260 _aLondon
_bMacmillan
_c1981
300 _axii, 355 p.
942 _cBK
999 _c225245
_d225245